LEADER 01692nam 2200421 a 450 001 9910691248703321 005 20010723151034.0 035 $a(CKB)5470000002344877 035 $a(OCoLC)47631063 035 9 $aocm47631063 035 $a(OCoLC)995470000002344877 035 $a(EXLCZ)995470000002344877 100 $a20010723d2001 ua 0 101 0 $aeng 135 $auran|||||| 181 $ctxt$2rdacontent 182 $cc$2rdamedia 183 $acr$2rdacarrier 200 10$aMortgage financing$b[electronic resource] $eactuarial soundness of the Federal Housing Administration's Mutual Mortgage Insurance Fund : statement of Thomas J. McCool, Managing Director, Financial Markets and Community Investment, before the Subcommittee on Housing and Community Opportunity, Committee on Financial Services, House of Representatives /$fUnited States General Accounting Office 210 1$a[Washington, D.C.] :$cThe Office,$d[2001] 225 1 $aTestimony ;$vGAO-01-527 T 300 $a"For release ... March 20, 2001." 300 $aPaper version available from the General Accounting Office. 300 $aTitle from title screen. 320 $aIncludes bibliographical references (pages 16-17). 517 $aMortgage financing 606 $aMortgage guarantee insurance$zUnited States 606 $aMortgage loans$zUnited States 615 0$aMortgage guarantee insurance 615 0$aMortgage loans 700 $aMcCool$b Thomas Joseph$f1947-$01381272 712 02$aUnited States.$bGeneral Accounting Office. 801 0$bGPO 801 1$bGPO 906 $aBOOK 912 $a9910691248703321 996 $aMortgage financing$93423726 997 $aUNINA